[Event "Ruhrgebiet Verbandsklasse Gruppe 2 1516"]
[Site "Germany"]
[Date "2016.04.24"]
[Round "9.7"]
[White "Gollnick, Rainer"]
[Black "Kasten, Jorst"]
[Result "1/2-1/2"]
[WhiteElo "1398"]
[BlackElo "1684"]
[PlyCount "42"]
[EventDate "2015.09.06"]
[EventType "team-tourn"]
[EventRounds "9"]
[EventCountry "GER"]
[SourceTitle "EXT 2022"]
[Source "ChessBase"]
[SourceDate "2021.10.06"]
[SourceVersion "1"]
[SourceVersionDate "2021.10.06"]
[SourceQuality "1"]
[WhiteTeam "Ickern"]
[BlackTeam "Gladbeck SG II"]
[WhiteTeamCountry "GER"]
[BlackTeamCountry "GER"]

1. c4 Nf6 2. Nc3 e6 3. g3 d5 4. Bg2 c6 5. cxd5 exd5 6. d4 Bd6 7. Nf3 Qc7 8. 0-0 h6 9. Qd3 0-0 10. Re1 Bg4 11. Nh4 Nbd7 12. e4 dxe4 13. Nxe4 Nxe4 14. Rxe4 Nf6 15. Re1 Rad8 16. h3 Be6 17. Bd2 Qd7 18. g4 Nh7 19. Be4 Nf6 20. Bf5 g5 21. Bxe6 fxe6 1/2-1/2

[Event "Dortmund Sparkassen op-B"]
[Site "Dortmund"]
[Date "2012.07.22"]
[Round "9"]
[White "Gollnick, Rainer"]
[Black "Ismailzade, Hamed"]
[Result "1-0"]
[WhiteElo "1394"]
[BlackElo "1275"]
[PlyCount "25"]
[EventDate "2012.07.14"]
[EventType "swiss"]
[EventRounds "9"]
[EventCountry "GER"]
[SourceTitle "EXT 2014"]
[Source "ChessBase"]
[SourceDate "2013.11.20"]
[SourceVersion "1"]
[SourceVersionDate "2013.11.20"]
[SourceQuality "1"]

1. d4 Nf6 2. e3 e6 3. Bd3 c5 4. Nf3 Nc6 5. c3 cxd4 6. exd4 a6 7. 0-0 d5 8. Re1 Be7 9. Ne5 Qc7 10. Bf4 Bd6 11. Qe2 Nd7 12. Nxf7 Kxf7 13. Qxe6+ 1-0

[Event "Dortmund Sparkassen op-B"]
[Site "Dortmund"]
[Date "2012.07.18"]
[Round "5"]
[White "Gollnick, Rainer"]
[Black "Fahle, Karl Wilhelm"]
[Result "1-0"]
[WhiteElo "1394"]
[BlackElo "1256"]
[PlyCount "95"]
[EventDate "2012.07.14"]
[EventType "swiss"]
[EventRounds "9"]
[EventCountry "GER"]
[SourceTitle "EXT 2014"]
[Source "ChessBase"]
[SourceDate "2013.11.20"]
[SourceVersion "1"]
[SourceVersionDate "2013.11.20"]
[SourceQuality "1"]

1. d4 Nf6 2. Nc3 c6 3. e4 d5 4. e5 Ng8 5. Bd3 Nd7 6. Qf3 e6 7. Qg3 h6 8. Nge2 Ne7 9. 0-0 g5 10. f4 gxf4 11. Qxf4 f6 12. exf6 Nf5 13. f7+ Ke7 14. Bxf5 exf5 15. Qh4+ Nf6 16. g4 Kxf7 17. g5 Rg8 18. Kh1 Nh7 19. g6+ Ke8 20. Qxd8+ Kxd8 21. gxh7 Rh8 22. Rg1 Be6 23. Nf4 Bf7 24. Ng6 Bxg6 25. Rxg6 Rxh7 26. Rg8 Ke7 27. Bf4 Kf7 28. Rag1 Re8 29. Be5 Re6 30. Ne2 Re8 31. R8g6 Re6 32. Rxe6 Kxe6 33. Nf4+ Kd7 34. Rg8 Bd6 35. Ra8 Bxe5 36. dxe5 a6 37. Rf8 Ke7 38. Rb8 Kf7 39. Rxb7+ Ke8 40. Rb6 Re7 41. e6 Rc7 42. Rxa6 Ke7 43. Ra3 Kf6 44. Rc3 Ke5 45. e7 Rc8 46. e8Q+ Rxe8 47. Re3+ Kxf4 48. Rxe8 1-0

[Event "Dortmund Sparkassen op-B"]
[Site "Dortmund"]
[Date "2011.07.31"]
[Round "9"]
[White "Burosch, Raimund"]
[Black "Gollnick, Rainer"]
[Result "0-1"]
[WhiteElo "1308"]
[BlackElo "1452"]
[PlyCount "72"]
[EventDate "2011.07.23"]
[EventType "swiss"]
[EventRounds "9"]
[EventCountry "GER"]
[SourceTitle "EXT 2013"]
[Source "ChessBase"]
[SourceDate "2012.11.22"]
[SourceVersion "1"]
[SourceVersionDate "2012.11.22"]
[SourceQuality "1"]

1. Nf3 d5 2. d3 c5 3. Nbd2 Nc6 4. g3 Nf6 5. e4 Bg4 6. h3 dxe4 7. hxg4 exf3 8. Qxf3 Nd4 9. Qd1 Nxg4 10. c3 Qd5 11. Qxg4 Nc2+ 12. Kd1 Nxa1 13. Qa4+ Kd8 14. Rh4 e6 15. b4 Be7 16. Re4 h5 17. Bb2 h4 18. Bxa1 h3 19. c4 Qc6 20. Qa5+ b6 21. Qa3 h2 22. Bg2 h1Q+ 23. Bxh1 Rxh1+ 24. Re1 Rxe1+ 25. Kxe1 cxb4 26. Qb2 Bf6 27. Qb1 Bxa1 28. Qxa1 f6 29. Ne4 Kc7 30. Kd2 Rd8 31. Qh1 f5 32. Qh7 fxe4 33. Qxg7+ Rd7 34. Qe5+ Kb7 35. d4 Qxc4 36. Qxe4+ Ka6 0-1

[Event "Dortmund Sparkassen op-B"]
[Site "Dortmund"]
[Date "2011.07.25"]
[Round "3"]
[White "Stoer, Nathan"]
[Black "Gollnick, Rainer"]
[Result "1-0"]
[WhiteElo "1705"]
[BlackElo "1452"]
[PlyCount "87"]
[EventDate "2011.07.23"]
[EventType "swiss"]
[EventRounds "9"]
[EventCountry "GER"]
[SourceTitle "EXT 2013"]
[Source "ChessBase"]
[SourceDate "2012.11.22"]
[SourceVersion "1"]
[SourceVersionDate "2012.11.22"]
[SourceQuality "1"]

1. Nf3 d5 2. g3 c5 3. d4 e6 4. Bg2 Nf6 5. b3 Nc6 6. Bb2 Bd7 7. 0-0 Rc8 8. c4 Be7 9. e3 0-0 10. Ne5 Nxe5 11. dxe5 Ne8 12. cxd5 exd5 13. Bxd5 Bh3 14. Re1 Qb6 15. Qf3 Qg6 16. Be4 Qe6 17. Bxb7 Rb8 18. Bd5 Qg6 19. e4 Nc7 20. Nc3 Ne6 21. Qd3 Nd4 22. Ne2 Rfd8 23. Bxd4 cxd4 24. Nf4 Qh6 25. Qc4 Rf8 26. Qxd4 Bg4 27. Qe3 g5 28. Nd3 Qh5 29. f4 Bd8 30. fxg5 Bb6 31. Nc5 Rbc8 32. b4 a5 33. a3 Rfe8 34. Rf1 Rc7 35. Rf6 Bxc5 36. bxc5 Rxe5 37. h4 Bc8 38. Rd6 Re8 39. Qf4 Rce7 40. Rf1 Be6 41. Bc6 Rb8 42. Rxe6 Rxe6 43. Qxb8+ Kg7 44. Bd5 1-0

[Event "Dortmund Sparkassen op-B"]
[Site "Dortmund"]
[Date "2010.07.24"]
[Round "8"]
[White "Gollnick, Rainer"]
[Black "Schumacher, Timo"]
[Result "0-1"]
[WhiteElo "1451"]
[BlackElo "1285"]
[PlyCount "72"]
[EventDate "2010.07.17"]
[EventType "swiss"]
[EventRounds "9"]
[EventCountry "GER"]
[SourceTitle "EXT 2014"]
[Source "ChessBase"]
[SourceDate "2013.11.20"]
[SourceVersion "1"]
[SourceVersionDate "2013.11.20"]
[SourceQuality "1"]

1. e4 e5 2. d4 exd4 3. c3 dxc3 4. Nxc3 Nc6 5. Bc4 Nf6 6. Nf3 d6 7. 0-0 Be7 8. Re1 0-0 9. h3 Ne5 10. Bb3 b6 11. Bf4 Ng6 12. Bh2 Bb7 13. Qc2 Qd7 14. Rad1 Nh5 15. Nd5 Bxd5 16. Rxd5 Ngf4 17. Ne5 Qe8 18. Ba4 Qc8 19. Nc6 Nxd5 20. exd5 Bf6 21. g4 Kh8 22. Qd3 Bxb2 23. gxh5 f5 24. Bf4 Bf6 25. Qg3 Qd7 26. Qa3 Qf7 27. Qf3 a6 28. Bc2 g6 29. hxg6 hxg6 30. Kh1 Rg8 31. Bh2 Rae8 32. Rxe8 Qxe8 33. Qd1 Qd7 34. Nd4 Qg7 35. Bg3 Bxd4 36. Bxf5 Bxf2 0-1

[Event "Dortmund op-B"]
[Site "Dortmund"]
[Date "2009.07.12"]
[Round "9"]
[White "Gollnick, Rainer"]
[Black "Vestrick, Frank"]
[Result "0-1"]
[WhiteElo "1449"]
[BlackElo "1689"]
[PlyCount "48"]
[EventDate "2009.07.04"]
[EventType "swiss"]
[EventRounds "9"]
[EventCountry "GER"]
[SourceTitle "EXT 2012"]
[Source "ChessBase"]
[SourceDate "2011.11.24"]
[SourceVersion "1"]
[SourceVersionDate "2011.11.24"]
[SourceQuality "1"]

1. e4 c6 2. Nf3 d5 3. exd5 cxd5 4. Ne5 Qc7 5. d4 e6 6. c3 Bd6 7. f4 Nf6 8. Nd2 b6 9. Bd3 Ba6 10. Bc2 Nc6 11. g4 h5 12. Rg1 hxg4 13. Rxg4 Rxh2 14. Bd3 Bxd3 15. Nxd3 Nxg4 16. Qxg4 0-0-0 17. Nf3 Rh1+ 18. Ke2 g6 19. a4 Rdh8 20. b4 Nxd4+ 21. Nxd4 Qxc3 22. Nxe6 R8h2+ 23. Ke3 Re1+ 24. Kf3 Qxd3+ 0-1

[Event "Dortmund op-B"]
[Site "Dortmund"]
[Date "2009.07.11"]
[Round "8"]
[White "Hofer, Stefan"]
[Black "Gollnick, Rainer"]
[Result "1/2-1/2"]
[WhiteElo "1572"]
[BlackElo "1449"]
[PlyCount "69"]
[EventDate "2009.07.04"]
[EventType "swiss"]
[EventRounds "9"]
[EventCountry "GER"]
[SourceTitle "EXT 2012"]
[Source "ChessBase"]
[SourceDate "2011.11.24"]
[SourceVersion "1"]
[SourceVersionDate "2011.11.24"]
[SourceQuality "1"]

1. d4 Nf6 2. Nf3 c5 3. c3 e6 4. Qc2 h6 5. Bf4 Nc6 6. e3 a6 7. Be2 b5 8. 0-0 Bb7 9. Nbd2 Nh5 10. Rfe1 Nxf4 11. exf4 cxd4 12. cxd4 Rc8 13. Qb3 Qf6 14. Ne5 Nxd4 15. Qd3 Qxf4 16. Bd1 Bc5 17. Nb3 Nxb3 18. Qxd7+ Kf8 19. Bf3 Bxf2+ 20. Kxf2 Nxa1 21. Qxb7 Rc2+ 22. Kf1 Kg8 23. Qa8+ Kh7 24. Qe4+ Qf5 25. Qxf5+ exf5 26. Rxa1 Rxb2 27. Nxf7 Rc8 28. Ne5 a5 29. Nc6 a4 30. a3 Rc2 31. Nd4 Rc1+ 32. Rxc1 Rxc1+ 33. Ke2 b4 34. axb4 Rc4 35. Kd3 1/2-1/2

[Event "Dortmund op-B"]
[Site "Dortmund"]
[Date "2009.07.07"]
[Round "4"]
[White "Baerwolf, Steven"]
[Black "Gollnick, Rainer"]
[Result "1-0"]
[WhiteElo "1865"]
[BlackElo "1449"]
[PlyCount "71"]
[EventDate "2009.07.04"]
[EventType "swiss"]
[EventRounds "9"]
[EventCountry "GER"]
[SourceTitle "EXT 2012"]
[Source "ChessBase"]
[SourceDate "2011.11.24"]
[SourceVersion "1"]
[SourceVersionDate "2011.11.24"]
[SourceQuality "1"]

1. e4 d5 2. exd5 Nf6 3. d4 Nxd5 4. c4 Nf6 5. Nc3 Bf5 6. Bf4 c6 7. Nf3 e6 8. Qb3 Qb6 9. Be2 Qxb3 10. axb3 Bb4 11. 0-0 Nbd7 12. Ra4 Bxc3 13. bxc3 Ne4 14. Bd2 Bg4 15. Rd1 Ndf6 16. h3 Bxf3 17. Bxf3 0-0 18. Bxe4 Nxe4 19. f3 Ng3 20. Kf2 Nf5 21. Bf4 Rfd8 22. c5 f6 23. Rda1 e5 24. dxe5 fxe5 25. Bxe5 Rd2+ 26. Kg1 Re2 27. Bd4 a6 28. Rb4 Ra7 29. Rd1 Nh4 30. Bf2 Ng6 31. Rd7 Re7 32. Rbd4 Rxd7 33. Rxd7 Ne5 34. Rc7 a5 35. Bd4 Nf7 36. Rc8+ 1-0

[Event "Dortmund op-B"]
[Site "Dortmund"]
[Date "2009.07.06"]
[Round "3"]
[White "Gollnick, Rainer"]
[Black "Schuermann, Jan"]
[Result "1-0"]
[WhiteElo "1449"]
[BlackElo "1754"]
[PlyCount "51"]
[EventDate "2009.07.04"]
[EventType "swiss"]
[EventRounds "9"]
[EventCountry "GER"]
[SourceTitle "EXT 2012"]
[Source "ChessBase"]
[SourceDate "2011.11.24"]
[SourceVersion "1"]
[SourceVersionDate "2011.11.24"]
[SourceQuality "1"]

1. e4 c5 2. c3 d5 3. exd5 Qxd5 4. Nf3 Nf6 5. d4 e6 6. Nbd2 cxd4 7. Bc4 Qd6 8. Bb5+ Bd7 9. Nc4 Qc7 10. Bxd7+ Nbxd7 11. Qxd4 Rc8 12. Ne3 Bc5 13. Qa4 0-0 14. Ng4 Nxg4 15. Qxg4 Ne5 16. Qe4 Nxf3+ 17. gxf3 Rfd8 18. Qg4 Qe5+ 19. Qe4 Qd5 20. 0-0 Rd7 21. Qg4 Bf8 22. Be3 Rc4 23. f4 Qb5 24. Qe2 Qc6 25. Bd4 Bc5 26. Qxc4 1-0

[Event "Dortmund op-B"]
[Site "Dortmund"]
[Date "2009.07.05"]
[Round "2"]
[White "Kartsev, Nikolaj"]
[Black "Gollnick, Rainer"]
[Result "0-1"]
[WhiteElo "675"]
[BlackElo "1449"]
[PlyCount "137"]
[EventDate "2009.07.04"]
[EventType "swiss"]
[EventRounds "9"]
[EventCountry "GER"]
[SourceTitle "EXT 2012"]
[Source "ChessBase"]
[SourceDate "2011.11.24"]
[SourceVersion "1"]
[SourceVersionDate "2011.11.24"]
[SourceQuality "1"]

1. e4 c6 2. d4 d5 3. Nc3 g6 4. Bf4 Bg7 5. exd5 cxd5 6. Bb5+ Nc6 7. Nf3 Bg4 8. Be5 Nf6 9. Bxc6+ bxc6 10. 0-0 0-0 11. h3 Bc8 12. b4 Ba6 13. Re1 e6 14. Qd2 h6 15. Qf4 Nh5 16. Qh2 Rc8 17. Bd6 Re8 18. Rab1 Kh7 19. Na4 Bf8 20. Be5 Ng7 21. Nc5 Bxc5 22. bxc5 Nf5 23. Rb3 Qa5 24. Reb1 Bc4 25. Rb7 Kg8 26. Qf4 Qxa2 27. Re1 Qxc2 28. Nh4 g5 29. Qg4 Qd2 30. Qh5 Qxe1+ 31. Kh2 Rf8 32. Nxf5 Qxe5+ 33. dxe5 exf5 34. Qxh6 d4 35. Qxg5+ Kh8 36. Qh4+ Kg8 37. Rb4 Bd5 38. Rxd4 Be4 39. f3 Rfd8 40. Rb4 a5 41. Rb7 Bd5 42. Ra7 Rb8 43. Rxa5 Rb2 44. Kg1 Bxf3 45. Qg5+ Kh7 46. Qxd8 Rxg2+ 47. Kf1 Be4 48. Qc7 Rg7 49. Ke2 f4 50. e6 f3+ 51. Kf2 Rg2+ 52. Kf1 Bd3+ 53. Ke1 Re2+ 54. Kd1 f2 55. Ra7 Kg6 56. Qxf7+ Kg5 57. Qg7+ Kf4 58. Rf7+ Ke4 59. Qg4+ Kd5 60. Qh5+ Kc4 61. Rf4+ Kb3 62. Qe8 Re1+ 63. Kd2 f1Q 64. Qb8+ Bb5 65. Rxf1 Rxf1 66. Qg3+ Kb4 67. Qd6 Rf2+ 68. Ke3 Re2+ 69. Kf4 0-1

[Event "Dortmund op-B"]
[Site "Dortmund"]
[Date "2009.07.04"]
[Round "1"]
[White "Gollnick, Rainer"]
[Black "Mueller, Rene"]
[Result "0-1"]
[WhiteElo "1449"]
[BlackElo "1749"]
[PlyCount "48"]
[EventDate "2009.07.04"]
[EventType "swiss"]
[EventRounds "9"]
[EventCountry "GER"]
[SourceTitle "EXT 2012"]
[Source "ChessBase"]
[SourceDate "2011.11.24"]
[SourceVersion "1"]
[SourceVersionDate "2011.11.24"]
[SourceQuality "1"]

1. d4 Nf6 2. c4 g6 3. Nc3 Bg7 4. e4 d6 5. Be3 c5 6. dxc5 Qa5 7. Bd2 Qxc5 8. b4 Qc7 9. Rc1 0-0 10. Bf4 Qd8 11. h4 Nc6 12. a3 a5 13. b5 Ne5 14. h5 Be6 15. Bxe5 dxe5 16. hxg6 Qxd1+ 17. Rxd1 hxg6 18. Nf3 Rac8 19. Ng5 Bxc4 20. Bxc4 Rxc4 21. Rh3 Rfc8 22. Nd5 Nxd5 23. Rhd3 Bf6 24. Rxd5 Bxg5 0-1

[Event "Dortmund op-B"]
[Site "Dortmund"]
[Date "2007.06.30"]
[Round "8"]
[White "Bashylin, Vsevolod"]
[Black "Gollnick, Rainer"]
[Result "1-0"]
[WhiteElo "1565"]
[BlackElo "1452"]
[PlyCount "49"]
[EventDate "2007.06.22"]
[EventType "swiss"]
[EventRounds "9"]
[EventCountry "GER"]
[SourceTitle "EXT 2008"]
[Source "ChessBase"]
[SourceDate "2007.11.25"]
[SourceVersion "1"]
[SourceVersionDate "2007.11.25"]
[SourceQuality "1"]

1. d4 c5 2. c3 Nf6 3. Nf3 Qb6 4. Qc2 h6 5. h3 d6 6. Bf4 g6 7. e3 Bf5 8. Qc1 Nbd7 9. Be2 g5 10. Bh2 Rc8 11. Nbd2 cxd4 12. exd4 Nd5 13. 0-0 Bg7 14. Nc4 Qc7 15. Re1 b5 16. Ne3 Nxe3 17. Qxe3 Kf8 18. Bxb5 Re8 19. c4 Qd8 20. c5 dxc5 21. dxc5 a6 22. Ba4 e6 23. c6 Nb6 24. c7 Qc8 25. Qxb6 1-0

[Event "Dortmund op-B"]
[Site "Dortmund"]
[Date "2007.06.27"]
[Round "5"]
[White "Gollnick, Rainer"]
[Black "Blomel, Christopher"]
[Result "0-1"]
[WhiteElo "1452"]
[BlackElo "1848"]
[PlyCount "40"]
[EventDate "2007.06.22"]
[EventType "swiss"]
[EventRounds "9"]
[EventCountry "GER"]
[SourceTitle "EXT 2008"]
[Source "ChessBase"]
[SourceDate "2007.11.25"]
[SourceVersion "1"]
[SourceVersionDate "2007.11.25"]
[SourceQuality "1"]

1. Nf3 f5 2. b3 Nf6 3. Bb2 g6 4. Bxf6 exf6 5. e3 Bg7 6. Nc3 c6 7. Nd4 0-0 8. f4 Re8 9. h4 d5 10. h5 c5 11. Nde2 d4 12. Na4 Qd6 13. hxg6 hxg6 14. Kf2 b5 15. Nb2 Bb7 16. Rh4 Nc6 17. c3 Rad8 18. cxd4 cxd4 19. Ke1 dxe3 20. Rh8+ Kxh8 0-1

[Event "Recklinghausen op 16th"]
[Site "Recklinghausen"]
[Date "2006.10.12"]
[Round "5"]
[White "Gollnick, Rainer"]
[Black "Dresler, Tobias"]
[Result "0-1"]
[WhiteElo "1456"]
[BlackElo "1054"]
[PlyCount "58"]
[EventDate "2006.10.07"]
[EventType "swiss"]
[EventRounds "7"]
[EventCountry "GER"]
[SourceTitle "CBM 114 Extra"]
[Source "ChessBase"]
[SourceDate "2006.11.03"]
[SourceVersion "1"]
[SourceVersionDate "2006.11.03"]
[SourceQuality "1"]

1. e4 c5 2. c3 e5 3. Bc4 Nc6 4. a3 Nf6 5. d3 d5 6. exd5 Nxd5 7. Qf3 Nf6 8. Bg5 Be7 9. Bxf6 Bxf6 10. Nd2 0-0 11. Ne4 Be7 12. Rd1 Qb6 13. Rd2 Na5 14. Nh3 Nxc4 15. dxc4 Be6 16. 0-0 Bxc4 17. Rd7 Bxf1 18. Rxe7 Bc4 19. Rxb7 Qc6 20. Nhg5 h6 21. Nh7 Kh8 22. Nxf8 Qxb7 23. Nd6 Qxf3 24. gxf3 Rxf8 25. Nxc4 f6 26. Kg2 Kh7 27. Kg3 Kg6 28. b4 cxb4 29. axb4 Rc8 0-1